इसे छोड़कर सामग्री पर बढ़ने के लिए
Inicio
Centros participantes
Catálogo
Servicios
Contacto
लॉग इन करें
English
Deutsch
Español
Français
Italiano
日本語
Nederlands
Português
Português (Brasil)
中文(简体)
中文(繁體)
Türkçe
עברית
Gaeilge
Cymraeg
Ελληνικά
Català
Euskara
Русский
Čeština
Suomi
Svenska
polski
Dansk
slovenščina
اللغة العربية
বাংলা
Galego
Tiếng Việt
Hrvatski
हिंदी
Հայերէն
Українська
Sámegiella
भाषा
सभी फ़ील्ड्स
शीर्षक
लेखक
विषय
बोधानक
आईएसबीएन / आईएसएसएन
टैग
खोज
उन्नत
Lineamientos para una política...
इसे उद्धृत करें
इसे ईमेल करें
प्रिंट
निर्यात रिकॉर्ड
को निर्यात RefWorks
को निर्यात EndNoteWeb
को निर्यात EndNote
सूची में सहेजें
स्थायी लिंक
पहली रेटिंग जोड़ें
Lineamientos para una política social orientada a la consolidación democrática en una época de crisis
में बचाया:
ग्रंथसूची विवरण
निगमित लेखक:
ILPES
स्वरूप:
मूलपाठ
प्रकाशित:
Quito:
ILPES
टैग:
टैग जोड़ें
कोई टैग नहीं, इस रिकॉर्ड को टैग करने वाले पहले व्यक्ति बनें!
होल्डिंग्स
विवरण
टिप्पणियाँ
समान संसाधन
स्टाफ के लिए
MARC
LEADER
00000 a a2200000 04500
001
25075
003
040
090
|a
179700
110
|a
ILPES
245
|a
Lineamientos para una política social orientada a la consolidación democrática en una época de crisis
260
|a
Quito:
|b
ILPES
300
|a
25 p
999
|c
16878
|d
16878
समान संसाधन
Nuevos lineamientos para la política social
द्वारा: Franco, Rolando
Seguridad Democrática Regional
Liberation theology: it's rise, developments and impact
द्वारा: Spykman, Gordon
El Significado de los instrumentos estadísticos
La iniciativa de defensa estratégica (SDI): un análisis militar y político
द्वारा: Zaldívar, Carlos Alonso